Capitals of Random Countries - Statistics

General Stats
  • This quiz has been taken 13 times
  • The average score is 5 of 10
Answer Stats
Hint Answer % Correct
A mediterranean nation that was previously owned by the UK and has been influenced heavily by it's neighbors. Nicosia
88%
An asian nation bordering Indonesia that was formerly part of Indonesia, it also used to have quite large oil deposits. Dili
75%
A large yet sparsely populated asian nation. Ulaanbaatar
75%
A central asian nation defined by its many gold and marble statues and it's giant burning landmark. Ashgabat
63%
A frigid and cold nation largely sought out for it's unique culture. Reykjavik
63%
A geographically asian yet culturally european nation. Tbilisi
63%
A tiny European nation sandwhiched between two other larger European nations. Vaduz
50%
A country in the Americas very different compared to it's neighbors, it’s populous often feels isolated due to how different they feel culturally. Asuncion
13%
A coastal African nation known for blood diamonds. Freetown
0%
A country in Oceania with beautiful landscapes and a free travel deal with the US. Ngerulmud
0%
No matching quizzes found
Score Distribution
Percent of People with Each Score
Percentile by Number Answered
Your Score History
You have not taken this quiz